| 000 | 01744nam a2200349 i 4500 | ||
|---|---|---|---|
| 001 | 187601 | ||
| 003 | ES-MaACL | ||
| 005 | 20250808063553.0 | ||
| 008 | 171207s2015 sp a |||| |dspa d | ||
| 017 |
_aM 29931-2015 _bOficina Depósito Legal Madrid |
||
| 020 |
_a978-84-15272-68-7 _q(Sociedad Estatal de Acción Cultural) |
||
| 020 |
_a978-84-16251-21-6 _q(Astiberri Ediciones) |
||
| 024 | 7 | 0 |
_a503-15-025-7 _2nipo |
| 080 | _a929 Cervantes Saavedra, Miguel de (083.824) | ||
| 080 | _a821.134.2 Cervantes Saavedra, Miguel de 7 Retablo de las maravillas (0:7)(083.824) | ||
| 080 | _a74 Rubín, David (083.824) | ||
| 080 | _a74 Prado, Miguelanxo (083.824) | ||
| 245 | 0 | 0 |
_aMiguel "en" Cervantes : _bEl retablo de las maravillas : [exposición, Museo Casa Natal de Cervantes, 15 de octubre al 14 de febrero 2016] / _c[ilustradores, Miguelanxo Prado, David Rubín] |
| 260 |
_a[Bilbao] : _bAstiberri ; _a[Madrid] : _bAsociación Cultural Española, _c[2015] |
||
| 300 |
_a109 páginas : _bprincipalmente ilustraciones (color) ; _c17 x 24 cm |
||
| 600 | 1 | 4 |
_aCervantes Saavedra, Miguel de, _d1547-1616- _vExposiciones _937604 |
| 600 | 1 | 4 |
_aCervantes Saavedra, Miguel de, _d1547-1616. _tEl retablo de las maravillas _9241610 |
| 655 | 7 |
_aCatálogos de exposiciones _2tgfbne _9193628 |
|
| 700 | 1 |
_aPrado, Miguelanxo, _d1958- _eill _9163892 |
|
| 700 | 1 |
_aRubín, David, _d1977- _eill _9163893 |
|
| 710 | 2 |
_aMuseo Casa Natal de Cervantes _ehis _9173927 |
|
| 710 | 2 |
_aAsociación Cultural Española _eedt _9241611 |
|
| 852 |
_aES-MaACL _bR.150986 _cDEPO1 _dOlim: N-7119 _hDonación Asociación Cultural Española A.C.E. _jA-14119 _9194687 |
||
| 942 |
_2udc _cMONOGRAFIA _n0 |
||
| 999 |
_c187601 _d187601 |
||